| 000 | 00355nam a2200121Ia 4500 | ||
|---|---|---|---|
| 008 | 231129s9999||||xx |||||||||||||| ||spa|| | ||
| 020 | _a84-7137-457-9 (obr | ||
| 040 | _bspa | ||
| 082 | _aR 780.903 E56 | ||
| 245 | 0 | _aEnciclopedia Salvat de los grandes compositores | |
| 264 | _aMadrid EspaƱa : Salvat | ||
| 942 |
_2ddc _cBKS |
||
| 999 |
_c13023 _d13023 |
||